Most Expensive Football Players - Statistics

General Stats
  • This quiz has been taken 22 times
  • The average score is 13 of 20
Answer Stats
Hint Answer % Correct
€200M Kylian Mbappe
100%
€200M Erling Haaland
90%
€200M Lamine Yamal
85%
€100M Ousmane Dembele
75%
€150M Vinicius Junior
75%
€130M Jamal Musiala
70%
€160M Jude Bellingham
70%
€130M Bukayo Saka
65%
€110M Florian Wirtz
65%
€140M Pedri
65%
€120M Alexander Isak
60%
€130M Michael Olise
60%
€120M Cole Palmer
55%
€120M Declan Rice
55%
€120M Federico Valverde
55%
€110M Vitinha
50%
€90M Desiree Doue
45%
€110M Moises Caicedo
45%
€100M Julian Alvarez
40%
€110M Joao Neves
35%
No matching quizzes found
Score Distribution
Percent of People with Each Score
Percentile by Number Answered
Your Score History
You have not taken this quiz